000 00500nam a22001697a 4500
005 20250617152038.0
008 250617b |||||||| |||| 00| 0 eng d
020 _a9781412900898
050 _aHD 76 INF
100 _aBOUWMAN HARRY
245 _aINFORMATION AND COMMUNICATION TECHNOLOGY IN ORGANISATION
_bADOPTION,IMPLIMENTATION,USE AND EFFECTS
260 _aLONDON
_bSAGE
_c2005
300 _aXIV,223p.
500 _aGLOSSARY,REFERENCES,INDEX
700 _aHOOFF BART VAN DEN
942 _2lcc
_cBK
_n0
999 _c6555
_d6555